Trouve la nourriture avec les images - Statistiques

Statistiques générales
  • Ce quiz a été pris 991 fois
  • Le résultat moyen est 15 sur 16
Statistiques - réponses
Par images Réponse % Correct
Frite
100%
Pizza
100%
Poulet
99%
Salade
99%
Lasagne
97%
Sandwich
96%
Hamburger
95%
Moules
95%
Ravioli
95%
Steak
95%
Crevettes
93%
Tacos
91%
Nuggets
90%
Croque monsieur
89%
Haricots verts
78%
Pates carbonara
74%
Aucun quiz correspondant
Distribution des résultats
% des personnes avec chaque résultat
Percentile par nombre de réponses
Votre historique - résultats
Vous n’avez pas pris ce quiz